Homo domesticus : notes from a same-sex marriage (Record no. 30861)
[ view plain ]
| 000 -LEADER | |
|---|---|
| fixed length control field | 00646nam a2200181Ia 4500 |
| 020 ## - INTERNATIONAL STANDARD BOOK NUMBER | |
| ISBN | 0738210811, 9780738210810 |
| 050 ## - CALL MARK | |
| Classification number | HQ 1034 .U5 G74/ |
| 100 ## - STATEMENT OF RESPONSIBILITY--MAIN AUTHOR NAME | |
| Personal name | Greenwood, Valdes David |
| 245 #0 - TITLE STATEMENT | |
| Title | Homo domesticus : notes from a same-sex marriage |
| 260 ## - PUBLICATION, DISTRIBUTION, ETC. (IMPRINT) | |
| Place of publication | USA |
| 260 ## - PUBLICATION, DISTRIBUTION, ETC. (IMPRINT) | |
| Name of publisher | Da Capo Press |
| 260 ## - PUBLICATION, DISTRIBUTION, ETC. (IMPRINT) | |
| Year of publication | 1991 |
| 300 ## - PHYSICAL DESCRIPTION | |
| Number of Pages | 214 p |
| 650 ## - SUBJECT ADDED ENTRY--TOPICAL TERM | |
| Topical Term | Valdes Greenwood, David. Same-sex marriage --United States --Case studies. Gay men --United States --Biography. Gay fathers --United States --Biography. Gay adoption --United States --Case studies |
| 942 ## - ADDED ENTRY ELEMENTS (KOHA) | |
| Koha item type | Books |
| Withdrawn status | Lost status | Source of classification or shelving scheme | Damaged status | Not for loan | Permanent Location | Current Location | Date acquired | Accession Number | Price effective from | Koha item type |
|---|---|---|---|---|---|---|---|---|---|---|
| Library of Congress Classification | NILE UNIVERSITY OF NIGERIA - MAIN LIBRARY | NILE UNIVERSITY OF NIGERIA - MAIN LIBRARY | 04/23/2025 | 0010395 | 04/23/2025 | Books |